Statistiques concernant Cyclisme : Vainqueurs des courses WT et .Pro 2023 (Easy)

Cliquez ici pour prendre le quiz!

Statistiques générales

  • Ce quiz a été pris 176 fois
  • Le résultat moyen est 18 sur 35

Statistiques - réponses

COURSEVAINQUEUR% Correct
Amstel Gold RaceTadej Pogacar
98%
Paris - NiceTadej Pogacar
98%
Ronde Van vlaanderenTadej Pogacar
98%
Vuelta a Andalucia Ruta Ciclista Del SolTadej Pogacar
98%
Milan SanremoMathieu Van der Poel
96%
Paris - RoubaixMathieu Van der Poel
96%
E3 Saxo ClassicWout Van Aert
93%
Tirreno - AdriaticoPrimoz Roglic
90%
Volta Ciclista a CatalunyaPrimoz Roglic
90%
UAE TourRemco Evenepoel
81%
Itzulia Basque CountryJonas Vingegaard
80%
Dwars door VlaanderenChristophe Laporte
78%
Gent-WevelgemChristophe Laporte
78%
Strade BiancheTom Pidcock
72%
ScheldeprijsJasper Philipsen
66%
Brugge - De PannesJasper Philipsen
66%
Faun-Ardèche ClassicJulian Alaphilippe
58%
De Brabantse Pijl - La Flèche BrabançonneDorian Godon
47%
Omloop Het NieuwsbladDylan Van Baarle
47%
Kuurne - Bruxelles - KuurneTiesj Benoot
39%
Santos Tour Down UnderJay Vine
38%
Danilith Nokere KoerseTim Merlier
38%
Vuelta a San Juan InternacionalMiguel Angel Lopez
27%
Faun Drôme ClassicAnthony Perez
24%
GP Industria & ArtigianatoBen Healy
22%
Volta ao Algarve em BicicletaDaniel Felipe Martinez
22%
Tour of OmanMatteo Jorgenson
18%
Gran Premio Miguel IndurainIon Izagirre
16%
Great Ocean Road RaceMarius Mayrhofer
13%
Trofeo LaiguegliaNans Peters
13%
Volta a la Comunitat ValencianaRui Costa
12%
Milano - TorinoArvid De Kleijn
11%
Grand Prix de Denain - Porte du HainautJuan Sebastian Molano
11%
Bredene Koksijde ClassicGerben Thijssen
4%
Clasica de AlmeriaMatteo Moschetti
2%

Distribution des résultats

Percentile par nombre de réponses

% des personnes avec chaque résultat

Votre développement - résultats

Vous n’avez pas pris ce quiz